| 000 | 00871nam a2200229 i 4500 | ||
|---|---|---|---|
| 001 | 129025 | ||
| 003 | ES-MaACL | ||
| 005 | 20230906193426.0 | ||
| 007 | t| | ||
| 008 | 070604s1901 sp |||| | spa d | ||
| 100 | 1 |
_aTéllez Arauz, José Gabriel. _9109637 |
|
| 245 | 1 | 0 |
_aMemoria sobre la fabricación de aceites en la provincia de Lérida / _cpor José Gabriel Téllez y Arauz. |
| 260 |
_aMadrid : _b[s.n.], _c1901 ( _fImp. de Ricardo Rojas) |
||
| 300 |
_a51 p. ; _c23 cm. |
||
| 490 | 1 |
_aFolletos ; _v15/4 |
|
| 500 | _aPrecede al tít.: Ministerio de Agricultura, Industria, Comercio y Obras Públicas. | ||
| 650 |
_aIndustria del aceite de oliva. _9143224 |
||
| 710 | 2 |
_aEspaña. _bMinisterio de Agricultura, Industria, Comercio y Obras Públicas. _9169378 |
|
| 830 | 0 |
_aFolletos ; _v15/4 _9219317 |
|
| 852 |
_aES-MaACL _jL-4908(15-4) |
||
| 999 |
_c129025 _d129025 |
||